Proyecciones de población = Population projections

Đã lưu trong:
Chi tiết về thư mục
Định dạng: Texto
Các nhãn: Thêm thẻ
Không có thẻ, Là người đầu tiên thẻ bản ghi này!

MARC

LEADER 00000 a a2200000 04500
001 48168
003
040
245 |a Proyecciones de población =   |b Population projections  
773 |g , (2012), 136 páginas: tablas, gráficos  
999 |c 37916  |d 37916